书目信息 |
| 书名: | The Times atlas of world history | |
| 作者: | edited by Geoffrey Barraclough. | |
| 分册号: | ||
| 分册名: | 出版地: | Maplewood, N.J. : |
|
| 出版社: | Hammond | |
| 出版时间: | c1978. | |
| 页数: | 360 p. : | |
| 开本: | 37 cm. | |
| 丛书名: | ||
| 中图分类号: | ||
| 科图分类号: | ||
| 其他分类号: | K991 | |
| 主题词: | ||
| 电子资源: | ||
| 000 | 01177cem a2200349 450 | |
| 001 | E0757304961 | |
| 005 | 20070517155613.60 | |
| 007 | ad canzn | |
| 008 | 780316s1978 nju e eng | |
| 010 | @a78005403 | |
| 020 | @a0723001618 :@c$20.00. | |
| 020 | @a0843711256. | |
| 035 | @A(DLC) 78005403 | |
| 040 | @aDLC@cDLC@dDLC | |
| 050 | 00 | @aG1030@b.T54 1978 |
| 051 | @cAnother issue. London : Times Books, 1978. | |
| 082 | 00 | @a911 |
| 090 | @aK991 | |
| 099 | @dK991@ex47 | |
| 245 | 04 | @aThe Times atlas of world history / @cedited by Geoffrey Barraclough. |
| 260 | @aMaplewood, N.J. :@bHammond,@cc1978. | |
| 300 | @a360 p. :@bcol. ill., col. maps ;@c37 cm. | |
| 500 | @aIncludes index and glossary. | |
| 504 | @aBibliography: p. 296. | |
| 650 | 0 | @aHistorical geography@xMaps. |
| 700 | 1 | @aBarraclough, Geoffrey,@d1908- |
| 906 | @a7@bcbc@corignew@d1@eocip@f19@gy-geogmaps | |
| 985 | @eATLAS MIG | |
| 991 | @bc-GenColl@hG1030@i.T54 1978@tCopy 1@wBOOKS | |
| 991 | @br-MSSRef@hG1030@i.T54 1978@tX-Copy@mfolio- | |
| 991 | @br-LH&G@hG1030@i.T54 1978@tCopy 9@wGenBib bi 87-010382 | |
| 991 | @br-N&CPR@hG1030@i.T54 1978@tCopy 999@wGenBib bi 92-004204 | |
| The Times atlas of world history / / edited by Geoffrey Barraclough.-Maplewood, N.J. : : Hammond, , c1978. |
| 360 p. : : col. ill., col. maps ; ; 37 cm. |
| Includes index and glossary.-Bibliography: p. 296. |
| ISBN 0723001618 :$20.00. |
| ● |
| 相关链接 |
|
|
|
|
正题名:Times atlas of world history
索取号:K991/x47
 
预约/预借
| 序号 | 登录号 | 条形码 | 馆藏地/架位号 | 状态 | 备注 |
| 1 | 10013 | 300100138 | 第二样本阅览室/ [索取号:K991/x47] | 在馆 |